[Event "DSOL 05 Liga Final 1st"]
[Site "Playchess.com INT"]
[Date "2020.09.04"]
[Round "2.4"]
[White "Hess, Anthony"]
[Black "Vollmer, Michael"]
[Result "1-0"]
[WhiteElo "1511"]
[BlackElo "1690"]
[PlyCount "83"]
[EventDate "2020.06.22"]
[EventType "team-k.o. (rapid)"]
[EventCountry "GER"]
[SourceTitle "EXT 2021"]
[Source "ChessBase"]
[SourceDate "2020.10.23"]
[SourceVersion "1"]
[SourceVersionDate "2020.10.23"]
[SourceQuality "1"]
[WhiteTeam "Birkenfeld"]
[BlackTeam "Zell Schwarz Weiss"]
[WhiteTeamCountry "GER"]
[BlackTeamCountry "GER"]

1. d4 Nf6 2. c4 d6 3. Nc3 g6 4. e4 Bg7 5. Be2 0-0 6. Nf3 a6 7. 0-0 c5 8. d5 e5 9. Be3 h6 10. h3 Bd7 11. a4 a5 12. Qd2 Kh7 13. Rae1 Na6 14. Nh2 Nb4 15. f4 Ng8 16. f5 gxf5 17. exf5 Nf6 18. Ng4 Nxg4 19. hxg4 f6 20. Kf2 Rh8 21. Rh1 Qf8 22. Rh3 Kg8 23. Reh1 Kf7 24. Bxh6 Rd8 25. b3 Bc8 26. Ne4 Na6 27. Bxg7 Qxg7 28. Nxd6+ Ke7 29. Ne4 Rdg8 30. Rxh8 Rxh8 31. Rxh8 Qxh8 32. Qxa5 Qh4+ 33. Kg1 Bxf5 34. g3 Qh6 35. gxf5 Qe3+ 36. Nf2 Qxe2 37. Qb6 Qe1+ 38. Kg2 Qb4 39. Qe6+ Kd8 40. Qxf6+ Kd7 41. Qe6+ Kd8 42. f6 1-0

[Event "DSOL 05 Liga Gr-B 1st"]
[Site "Playchess.com INT"]
[Date "2020.08.14"]
[Round "2.4"]
[White "Retzlaff, Wolfgang"]
[Black "Hess, Anthony"]
[Result "0-1"]
[WhiteElo "1651"]
[BlackElo "1511"]
[PlyCount "86"]
[EventDate "2020.06.22"]
[EventType "team-tourn (rapid)"]
[EventCountry "GER"]
[SourceTitle "EXT 2021"]
[Source "ChessBase"]
[SourceDate "2020.10.23"]
[SourceVersion "1"]
[SourceVersionDate "2020.10.23"]
[SourceQuality "1"]
[WhiteTeam "Hameln II"]
[BlackTeam "Birkenfeld"]
[WhiteTeamCountry "GER"]
[BlackTeamCountry "GER"]

1. Nf3 c5 2. c4 Nc6 3. Nc3 g6 4. g3 Bg7 5. Bg2 e5 6. d3 Nge7 7. 0-0 d6 8. a3 0-0 9. Bd2 h6 10. Qc1 Kh7 11. e4 f5 12. Ne1 Nd4 13. Qd1 f4 14. Nf3 Nec6 15. Nxd4 Nxd4 16. f3 g5 17. g4 h5 18. h3 Kg6 19. b4 hxg4 20. hxg4 Rh8 21. Kf2 Rh2 22. Rh1 Qh8 23. Rxh2 Qxh2 24. Qh1 Nxf3 25. Qxh2 Nxh2 26. Nd5 Nxg4+ 27. Kg1 Nf6 28. Nc7 Rb8 29. Nb5 Bf8 30. bxc5 dxc5 31. Nxa7 Bd7 32. a4 Ra8 33. Nb5 Bxb5 34. cxb5 g4 35. Kf2 Rd8 36. Bf1 c4 37. Ba5 Bc5+ 38. Kg2 b6 39. Bxb6 Bxb6 40. a5 Be3 41. Ra3 cxd3 42. Bxd3 f3+ 43. Kg3 Kg5 0-1

[Event "DSOL 05 Liga Gr-B 1st"]
[Site "Playchess.com INT"]
[Date "2020.07.10"]
[Round "3.4"]
[White "Hess, Anthony"]
[Black "Peteani, Damien"]
[Result "1/2-1/2"]
[WhiteElo "1511"]
[BlackElo "1523"]
[PlyCount "30"]
[EventDate "2020.06.22"]
[EventType "team-tourn (rapid)"]
[EventCountry "GER"]
[SourceTitle "EXT 2021"]
[Source "ChessBase"]
[SourceDate "2020.10.23"]
[SourceVersion "1"]
[SourceVersionDate "2020.10.23"]
[SourceQuality "1"]
[WhiteTeam "Birkenfeld"]
[BlackTeam "Gross Gerau"]
[WhiteTeamCountry "GER"]
[BlackTeamCountry "GER"]

1. d4 Nf6 2. c4 c5 3. d5 b5 4. Nf3 d6 5. Qc2 b4 6. e4 Bg4 7. Be2 g6 8. 0-0 Bg7 9. Be3 Nbd7 10. Nbd2 0-0 11. h3 Bxf3 12. Nxf3 a5 13. a4 Rb8 14. b3 Kh8 15. Rae1 Ng8 1/2-1/2